Inseguridad y violencia

Uloženo v:
Podrobná bibliografie
Médium: Text
Témata:
Tagy: Přidat tag
Žádné tagy, Buďte první, kdo vytvoří štítek k tomuto záznamu!

MARC

LEADER 00000 a a2200000 04500
001 6797
003
040
245 |a Inseguridad y violencia  
650 |a PAZ  
650 |a SOCIEDAD CIVIL  
650 |a PODER JUDICIAL  
650 |a PODER POLITICO  
650 |a VIOLENCIA  
650 |a DELINCUENCIA  
650 |a EL SALVADOR  
773 |g volumen 27, número 1218; páginas 10-12  
999 |c 30161  |d 30161